000 00235nam a2200097Ia 4500
008 231107s2005 xx 000 0 und d
041 _aeng
100 _aFord,Henry
245 _aMy Life & Work
260 _aBombay
_bWilco Publishing
_c2005
999 _c924734
_d924734